000 00427nam a2200181Ia 4500
008 151202s9999||||xx |||||||||||||| ||und||
082 _bPNVM-13874
100 _aGEORGE W. L.
245 2 _aA BED OF ROSES.
260 _b"CHAPMAN & HALL ,LONDON."
260 _c0
300 _a384
600 _aGEORGE W. L.
630 _aA BED OF ROSES.
700 _aGEORGE W. L.
730 _aA BED OF ROSES.
942 _cBOOK
999 _c1279861
_d1279858